000 00436nam a22001697a 4500
003 OSt
005 20210913092343.0
008 210913b |||||||| |||| 00| 0 eng d
020 _a8131208095
040 _cHU
082 _a006.7'876/FOL
100 _aJOE FOLLANSBEE
_92917
245 _aSTREAMING MEDIA AN INTRODUCTION TO DELIVERING ON DEMAND MEDIYA
260 _aNEW DEIHI
_bELSEVIER
_c2006
300 _a284P
942 _2ddc
_cBOOKS
_n0
999 _c3168
_d3168